000 00520nam a22001691a 4500
001 6779
003 OSt
005 20260204212103.0
008 060721s1984||||dr ||||||b||||||||||spa||
050 _aRD 972.9304 S55s
100 _aSánchez Fernández, José A.
245 _aSánchez y Duarte frente al problema de la indepencia nacional / José A. Sánchez Fernández
264 _aSanto Domingo : Taller
300 _a126 p
650 _a1.Historia - Rep. Dominicana 2.Indepencia - Rep. DominicanaÌ
942 _2ddc
_cBK
999 _c6779
_d6779